000 00600cam a2200217ua 4500
001 496
005 20260515113155.0
008 110407n ii |||gr||||Z||||||eng
040 _cMAIN
082 _a320.973
245 1 1 _aAmerican government and politics. :
_bNational state and local. /
_cBy Harold Zink.
250 _ast.
260 _aDelhi.:
_bEast west press.,958.
300 _aii, 444 p.:
_c20 cm.
653 _aPolitical science.
653 _aAmerican government and politics.
700 _aZink, Harold.,
700 _aPenniman, Howard R.,
700 _aHathorn, Guy B.,
942 _cBK
999 _c436
_d436